WWE General Knowledge Quiz #1 - Statistics

General Stats
  • This quiz has been taken 246 times
  • The average score is 4 of 15
Answer Stats
Hint Answer % Correct
Tables, Ladders And Chair
96%
opposite to a HEEL Face
87%
Your On The List Chris Jericho
56%
Undertakers 22nd Victim Bray Wyatt
55%
Smoking Skull Stone Cold Steve Austin
35%
Inaugural WWE World Heavyweight Champ Randy Orton
28%
Widow's Peak Finisher Victoria
19%
Realeza Alberto Del Rio
13%
Teardrop...... Suplex
13%
Smackdowns Last Draft Pick Carmella
7%
Raw 2nd Draft Pick Sasha Banks
6%
Brodus Clay And Sweet-T Tons Of Funk
6%
Puerto Rico Shining Stars
4%
Name of the man who played the violin in Nakamura's Brookly Entrance Lee England Jr.
3%
2nd NXT Tag Champs Eric Rowan And Luke Harper
2%
No matching quizzes found
Score Distribution
Percent of People with Each Score
Percentile by Number Answered
Your Score History
You have not taken this quiz